Pohľady na ekonomiku Slovenska zborník príspevkov
Saved in:
| Other Authors: | , |
|---|---|
| Format: | Book |
| Language: | Slovak |
| Published: |
Bratislava
Slovenská štatistická a demografická spoločnosť
2001
|
| Subjects: | |
| Tags: |
No Tags, Be the first to tag this record!
|
MARC
| LEADER | 00000nam a2200000 4500 | ||
|---|---|---|---|
| 001 | c125008 | ||
| 005 | 20221124102022.9 | ||
| 020 | |a 80-88946-12-3 | ||
| 041 | 0 | |a slo | |
| 044 | |a SK | ||
| 245 | 1 | 0 | |a Pohľady na ekonomiku Slovenska |b zborník príspevkov |c zostavili: Jozef Chajdiak, Ján Luha |
| 264 | 1 | |a Bratislava |b Slovenská štatistická a demografická spoločnosť |c 2001 | |
| 300 | |a 91 s. | ||
| 610 | 2 | 0 | |a vývoj hospodársky |
| 610 | 2 | 0 | |a produkt domáci hrubý |
| 610 | 2 | 0 | |a miera nezamestnanosti |
| 610 | 2 | 0 | |a únie menové |
| 610 | 2 | 0 | |a euro |
| 610 | 2 | 0 | |a koruna |
| 610 | 2 | 0 | |a makroekonomika |
| 610 | 2 | 0 | |a trh práce |
| 610 | 2 | 0 | |a mienka verejná |
| 610 | 2 | 0 | |a rast hospodársky |
| 610 | 2 | 0 | |a strany politické |
| 610 | 2 | 0 | |a Slovensko |
| 700 | 1 | |a Chajdiak, Jozef | |
| 700 | 1 | |a Luha, Ján | |